|
|
|
|
| LEADER |
00922nam a22002051 4500 |
| 008 |
800808s1961 ne 000 0 eng |
| 040 |
|
|
|a CaBVAS
|b eng
|c CaBVAS
|
| 050 |
0 |
0 |
|a TN798
|b .Q3 1960
|
| 100 |
1 |
|
|a Quarrell, Arthur George,
|d 1910-
|
| 245 |
1 |
0 |
|a Niobium, tantalum, molybdenum and tungsten :
|b Report of a conference held in the University of Sheffield, 20th-22nd September, 1960, and organized by the Dept. of Metallugy /
|c Arthur G. Quarell.
|
| 260 |
|
|
|a Amsterdam ;
|a New York :
|b Elsevier Pub. Co.,
|c 1961.
|9 3580
|
| 300 |
|
|
|a 413 p. :
|b ill.
|
| 650 |
|
0 |
|a Molybdenum
|x Congresses.
|
| 650 |
|
0 |
|a Niobium
|x Congresses.
|
| 650 |
|
0 |
|a Tantalum
|x Congresses.
|
| 650 |
|
0 |
|a Tungsten
|x Congresses.
|
| 710 |
2 |
|
|a University of Sheffield.
|b Dept. of Metallurgy.
|
| 942 |
|
|
|2 ddc
|c BK
|
| 999 |
|
|
|c 118693
|d 118693
|
| 952 |
|
|
|0 0
|1 0
|2 ddc
|4 0
|6 669_700000000000000_QUA_N
|7 0
|9 130053
|a CHE
|b CHE
|c ST1
|d 1970-08-07
|i 1308
|l 0
|o 669.7 QUA/N
|p CHE1308
|r 2013-03-02
|y BK
|